000 00698nam a2200193 i 4500
001 23115
003 ES-MaACL
005 20230906152823.0
007 t|
008 021209s1969 sp ||||1| spa d
100 1 _aAlvarez, E. C.
_920624
245 1 0 _aIntroducción a los tubos electrónicos y semiconductores /
_cE.C. Alvarez, David E. Fleckles ; traducción y adaptación, Rafael Gómez de Ureta, Angel Gutiérrez Vázquez.
260 _aMadrid :
_bCastillo,
_c1969.
300 _a331 p. :
_bil, gráf. ;
_c23 cm.
700 1 _aFleckles, David E.
_951148
700 1 _aGómez de Ureta, Rafael.
_957924
700 1 _aGutiérrez Vázquez, Angel.
_961233
852 _aES-MaACL
_jC-38091
_bR.71926
999 _c23115
_d23115